English Words of Chinese Origin - Statistics

General Stats
  • This quiz has been taken 133 times
  • The average score is 6 of 8
Answer Stats
Definition Word % Correct
Bowl-shaped frying pan used typically in Chinese cooking Wok
85%
Ancient Chinese belief that the way your house is built or the way that you arrange objects affects your success, health, and happiness Feng shui
81%
Soft white substance made from mashed soya beans, used chiefly in Asian and vegetarian cooking Tofu
77%
Primarily unarmed form of Chinese martial art Kung fu
74%
Tropical storm in the region of the Indian or western Pacific oceans Typhoon
72%
Chinese game played, usually by four people, with 136 or 144 rectangular pieces called tiles Mahjong
70%
Kneel and touch the ground with the forehead in worship or submission as part of Chinese custom Kowtow
47%
Small rounded fruit with sweet white scented flesh, a large central stone, and a thin rough skin Lychee
45%
No matching quizzes found
Score Distribution
Percent of People with Each Score
Percentile by Number Answered
Your Score History
You have not taken this quiz